Catálogo

Los dilemas del pluralismo democrático : (Registro nro. 5278)

Detalles MARC
000 -LEADER
fixed length control field 01214cam a2200313 i 4500
001 - CONTROL NUMBER
control field 5278
003 - CONTROL NUMBER IDENTIFIER
control field Mx-PuUPA
005 - DATE AND TIME OF LATEST TRANSACTION
control field 20240410103439.0
008 - FIXED-LENGTH DATA ELEMENTS--GENERAL INFORMATION
fixed length control field 140415s1991 mx r 000 0 spa d
020 ## - INTERNATIONAL STANDARD BOOK NUMBER
International Standard Book Number 9683905218
040 ## - CATALOGING SOURCE
Original cataloging agency Mx-PuUPA
Language of cataloging spa
Transcribing agency Mx-PuUPA
Modifying agency Mx-PuUPA
Description conventions rda
041 1# - LANGUAGE CODE
Language code of text/sound track or separate title spa
Language code of original eng
100 1# - MAIN ENTRY--PERSONAL NAME
Personal name Dahl, Robert A.,
Relator term autor
240 10 - UNIFORM TITLE
Uniform title Dilemmas of pluralist democracy autonomy versus control.
Language of a work Español
245 14 - TITLE STATEMENT
Title Los dilemas del pluralismo democrático :
Remainder of title autonomía versus control /
Statement of responsibility, etc. Robert A. Dahl ; traducción, Adriana Sandoval
250 ## - EDITION STATEMENT
Edition statement Primera edición
264 #4 - PRODUCTION, PUBLICATION, DISTRIBUTION, MANUFACTURE, AND COPYRIGHT NOTICE
Place of production, publication, distribution, manufacture México, D.F. :
Name of producer, publisher, distributor, manufacturer Editorial Patria,
Date of production, publication, distribution, manufacture, or copyright notice ©1991
300 ## - PHYSICAL DESCRIPTION
Extent 210 páginas ;
Dimensions 21 cm
336 ## - CONTENT TYPE
Content type term texto
Fuente rdacontent
Content type code txt
337 ## - MEDIA TYPE
Media type term sin medio
Source rdamedia
Media type code n
338 ## - CARRIER TYPE
Carrier type term volumen
Source rdacarrier
Carrier type code nc
490 0# - SERIES STATEMENT
Series statement Los noventa ;
Volume/sequential designation 68
650 #4 - SUBJECT ADDED ENTRY--TOPICAL TERM
Topical term or geographic name entry element Democracias populares
General subdivision Socialismo
700 1# - ADDED ENTRY--PERSONAL NAME
Personal name Sandoval, Adriana,
Relator term traductor
765 08 - ORIGINAL LANGUAGE ENTRY
Main entry heading Dahl, Robert A.,
Edition Primera edición
Place, publisher, and date of publication [Lugar de publicación no identificado] : Yale University, ©1982
Title Dilemmas of pluralist democracy autonomy versus control.
942 ## - ADDED ENTRY ELEMENTS (KOHA)
Source of classification or shelving scheme Dewey Decimal Classification
Koha item type Libro
Classification part 320.5315
Item part D125
Existencias
Withdrawn status Lost status Source of classification or shelving scheme Damaged status Not for loan Collection code Home library Current library Shelving location Date acquired Source of acquisition Full call number Barcode Date last seen Date last checked out Price effective from Koha item type Total Checkouts Copy number
    Dewey Decimal Classification     General Biblioteca Karol Wojtyla Biblioteca Karol Wojtyla Sala general 03/12/2013 Compra 320.5315 D125 1991 16972 05/01/2026 14/02/2017 12/07/2018 Libro    
    Dewey Decimal Classification     General Biblioteca Karol Wojtyla Biblioteca Karol Wojtyla Sala general 03/12/2013 Compra 320.5315 D125 1991 87202 05/01/2026 15/09/2022 03/12/2013 Libro 1 Ej.2
  No inventariado Dewey Decimal Classification       Biblioteca Karol Wojtyla Biblioteca Karol Wojtyla   03/12/2013 Compra 320.5315 DAH 40402     03/12/2013 Libro